000
00296nam a22001337a 4500
008
170908b xxu||||| |||| 00| 0 eng d
020
_a
070609650005
041
_a
eng
080
_2
21 ED
_a
91
100
_a
91
101
_a
GEO
245
_a
GOODES WORLD ATLAS
_c
VEREGIN.H
942
_2
udc
_c
BK
999
_c
26714
_d
26714